| 000 | 00955nas a2200277 4500 | ||
|---|---|---|---|
| 001 | BR0707224 | ||
| 003 | BR-BrBNA | ||
| 005 | 20231205111332.0 | ||
| 007 | ta | ||
| 008 | 230509b bl.|||p| |||| 00| 00por d | ||
| 040 |
_aBR-BrBNA _bpor _cBiblioteca Nacional de Agricultura |
||
| 041 | _a(Pt) | ||
| 072 | _aQ02; Q03; Q04 | ||
| 100 | 1 | _aMesquita, A.J. | |
| 100 | 1 | _aOliveira, A.N. | |
| 100 | 1 | _aNicolau, E.S. | |
| 100 | 1 | _aNunes, I.A. | |
| 100 | 1 | _aLage, M.E. | |
| 245 | 1 | _aQualidade microbiológica e físico-química do leite integral pasteurizado pelo processo lento, em propriedades rurais do Estado de Goiás | |
| 650 | _aLEITE PASTEURIZADO | ||
| 650 | _aMICROBIOLOGIA DE ALIMENTO | ||
| 650 | _aGOIAS | ||
| 773 | 0 |
_tAnais das Escolas de Agronomia e Veterinária - Universidade Federal de Goiás (Brazil) _xISSN 0100-218X _g(Jan-Jun 1996), v. 26(1) p. 79-87 _wBR0707224 |
|
| 909 |
_a202311 _bLúcia _c55 _dLúcia Elande |
||
| 942 |
_2AGRIS _n0 _cANA |
||
| 999 |
_c192113 _d192113 |
||